Statistics for Top 50 Cities of Europe - Map Quiz

Click here to take the quiz!

General Stats

  • This quiz has been taken 359 times
    (305 since last reset)
  • The average score is 40 of 50

Answers on the Map

Answers color-coded by a green-red scale on the quiz's map according to % correct below.
 

Answer Stats

Answer% Correct
Athens
94%
Istanbul
94%
London
94%
Madrid
94%
Paris
94%
Barcelona
93%
Moscow
93%
St. Petersburg
92%
Berlin
91%
Milan
91%
Rome
90%
Amsterdam
88%
Warsaw
88%
Brussels
87%
Dublin
87%
Kiev
87%
Helsinki
86%
Minsk
86%
Stockholm
86%
Marseille
85%
Vienna
85%
Bucharest
84%
Copenhagen
84%
Glasgow
84%
Lisbon
84%
Naples
84%
Budapest
83%
Porto
83%
Turin
83%
Valencia
83%
Lyon
82%
Prague
82%
Zürich
82%
Belgrade
80%
Munich
80%
Hamburg
79%
Frankfurt am Main
77%
Liverpool
74%
Rotterdam / The Hague
74%
Newcastle upon Tyne
72%
Manchester
70%
Kharkiv
69%
Dnipro
68%
Donetsk
67%
Stuttgart
66%
Birmingham
62%
Mannheim
61%
Leeds
55%
Nottingham
48%
Sheffield
43%

Score Distribution

Percentile by Number Answered

Percent of People with Each Score

Your Score History

You have not taken this quiz since the last reset